000 01075nam a22003617a 4500
001 0001851
003 KOHA_MİRAKIL
005 20260207001254.0
007 ta
008 090216b2005 tu |||gr||||#||||0|tur |
020 _a9755918108
040 _aTR-BiSEU
_btur
_cTR-BiSEU
_erda
041 0 _atur
044 _ctu
050 _aQA161.2
_b.F46 2005
245 0 _aFen bilgisi laboratuvarı/
_cAhmet Coşkun ... [v.bşk.].
264 1 _aAnkara :
_bNobel Yayıncılık
_c2005
300 _a206 sayfa
336 _ametin
_btxt
_2rdacontent
337 _aaracısız
_bn
_2rdamedia
338 _acilt
_bnc
_2rdacarrier
490 1 _aNobel yayın ;
_vno.
490 1 _a825.
490 1 _aEğitim ve psikoloji yayınları dizisi ;
_v228
500 _aKaynakça ve dizin var.
650 0 _aFen bilimleri.
_91845
650 0 _aFen bilimleri Deneyler.
_92952
650 0 _aFen bilimleri Laboratuvar kitapları.
_92953
830 1 _aNobel yayın ;
_vno.
_91510
830 1 _a825.
_95501
830 1 _aEğitim ve psikoloji yayınları dizisi ;
_v228
_95502
942 _2lcc
_cBK
999 _c1838
_d1838